Quiz sugli anni di piombo - Statistics

Statistiche generali
  • Questo quiz è stato fatto 38 volte
  • Il punteggio medio è 9 su 20
Statistiche sulle risposte
Domanda Risposta % Corretto
In che anno avvenne la strage di Piazza Fontana, considerata l'inizio degli anni di piombo? 1969
93%
Quale organizzazione terroristica rapì Aldo Moro in via Fani il 16 marzo 1978? Brigate Rosse
89%
Come si chiamava l'anarchico che morì in circostanze mai del tutto chiarite precipitando dalla finestra della Questura di Milano? Giuseppe Pinelli
70%
Quale fu l'unico partito di governo ad essere a favore della trattativa con i terroristi per il rilascio di Moro? Partito Socialista Italiano
59%
In quale piazza di Brescia esplose una bomba nel 1974? Piazza della Loggia
59%
Come è conosciuto il tentativo di colpo di stato del dicembre 1970, annullato mentre era già in svolgimento? Golpe Borghese
56%
Qual era il nome della loggia massonica deviata che fece scandalo nei primi anni '80? P2
56%
Come si chiamava la strategia di alleanza politica tra DC e PCI proposta a metà anni ’70? Compromesso storico
52%
Nei pressi di quale isola precipitò il DC9 del volo Itavia 870? Ustica
48%
Secondo le sentenze, chi eseguì materialmente l'omicidio Moro il 9 maggio 1978? Mario Moretti
41%
Chi era il leader dei Nuclei Armati Rivoluzionari (NAR)? Valerio Fioravanti
41%
In che anno le Brigate Rosse dichiararono la fine della lotta armata? 1988
33%
Cosa accadde il 2 agosto 1980 alle ore 10:25? Strage di Bologna
33%
Qual era il nome della studentessa uccisa da un proiettile vagante durante una manifestazione del Partito Radicale a Roma? Giorgiana Masi
30%
Quale organizzazione fu sciolta nel 1973 e i suoi membri accusati di ricostruzione del Partito Nazionale Fascista? Ordine Nuovo
30%
Indica il nome di uno dei due mandanti dell'omicidio del commissario Calabresi Adriano Sofri Giorgio Pietrostefani
26%
Quale giornalista, direttore del settimanale Osservatore Politico, fu ucciso nel 1979? Mino Pecorelli
26%
Chi era il parlamentare missino leader della sommosse di Reggio Calabria? Ciccio Franco
22%
In quale città venne spostato il processo per la strage di Piazza Fontana per motivi di ordine pubblico? Catanzaro
19%
Come venne rinominata la legge speciale per contrastare il terrorismo? Legge Cossiga
4%
Nessun quiz corrispondente trovato
Distribuzione punteggi
Percentuale di utenti per punteggio
Percentile per numero di risposta
I tuoi punteggi nel tempo
Non hai fatto questo quiz